| 000 | 00855cam a2200253 a 4500 | ||
|---|---|---|---|
| 001 | 000019391 | ||
| 005 | 20200929170014.0 | ||
| 008 | 950113s1952 ag b 001 e spa d | ||
| 040 |
_aDO-SdBNP _bspa _cDLC _dBNPHU |
||
| 082 |
_a864.6 _bM542m |
||
| 100 | 1 |
_aMenéndez Pidal, Ramón, _d1869-1968 _93902 |
|
| 245 | 1 | 0 |
_aMiscelánea : _bhistórico-literaria / _cRamón Menéndez Pidal. |
| 260 |
_aBuenos Aires, Argentina : _bEspasa-Calpe, _c1952. |
||
| 300 |
_a145, [12] p. ; _c18 cm. |
||
| 490 | 1 |
_aAustral. Verde: ensayos y filosofía _v1110 |
|
| 500 | _aIncluye índice de autores. | ||
| 650 | 4 |
_aEnsayos españoles _93095 |
|
| 650 | 4 |
_aLiteratura española _9632 |
|
| 650 | 4 |
_aHistoria en la literatura _91300 |
|
| 830 | 0 |
_aAustral. _pVerde: ensayos y filosofía; _v1110 _98733 |
|
| 910 | _aCatalogación derivada / LC | ||
| 910 | _aWM | ||
| 049 | _aBNGR | ||
| 999 |
_c18907 _d18907 |
||